| 000 | 00504nam a2200181Ia 4500 | ||
|---|---|---|---|
| 999 |
_c14073 _d14073 |
||
| 003 | OSt | ||
| 005 | 20201021113741.0 | ||
| 008 | 190216s9999||||xx |||||||||||||| ||und|| | ||
| 020 | _a9780349102740 | ||
| 040 | _coclc | ||
| 082 |
_a813.54 _bFLA/R |
||
| 100 |
_aFlanagan, Mary _96020 |
||
| 245 | 0 |
_aRose Reason / _cMary Flanagan |
|
| 260 |
_bAbacus , _c1992. _aLondon: |
||
| 300 | _a470p | ||
| 650 | _aEnglish Novel-English Novel | ||
| 942 |
_cBK _2ddc _h813.54 _iFLA/R _k813.54 _mFLA/R |
||